| 000 | 00473nam a2200193Ia 4500 | ||
|---|---|---|---|
| 008 | 170918s9999 xx 000 0 und d | ||
| 020 | _a9780439148054 | ||
| 050 | _bC623 1990 | ||
| 100 | _aCleary, Beverly | ||
| 245 | _aMuggie Maggie / | ||
| 245 | _cby Beverly Cleary ; illustrated by Alan Tiagreen. | ||
| 260 | _aNew York : | ||
| 260 | _bScholastic, | ||
| 260 | _c1990 | ||
| 300 | _a70 pages : | ||
| 300 | _billustrations ; | ||
| 300 | _c19cm. | ||
| 500 | _a730 | ||
| 999 |
_c344176 _d344176 |
||